000 00260nam a2200097Ia 4500
008 200302s9999 xx 000 0 und d
100 _aChintaman Hari Khadilkar
245 _aThe art of Designing Part 2
260 _bPrabhawati Chintaman Khadilkar
300 _a164 P.,
999 _c238
_d238